MARC details
| 000 -CABECERA |
| campo de control de longitud fija |
03230nam a22003253i 4500 |
| 001 - NÚMERO DE CONTROL |
| campo de control |
991107228429606196 |
| 005 - FECHA Y HORA DE LA ÚLTIMA TRANSACCIÓN |
| campo de control |
20260512150215.0 |
| 006 - CÓDIGOS DE INFORMACIÓN DE LONGITUD FIJA--CARACTERÍSTICAS DEL MATERIAL ADICIONAL |
| campo de control de longitud fija |
m o d | |
| 007 - CAMPO FIJO DE DESCRIPCIÓN FÍSICA--INFORMACIÓN GENERAL |
| campo de control de longitud fija |
cr cnu|||||||| |
| 008 - DATOS DE LONGITUD FIJA--INFORMACIÓN GENERAL |
| campo de control de longitud fija |
221126s2022 xx o ||||0 eng d |
| 020 ## - NÚMERO INTERNACIONAL ESTÁNDAR DEL LIBRO |
| Número Internacional Estándar del Libro |
9781398608191 |
| 035 ## - NÚMERO DE CONTROL DEL SISTEMA |
| Número de control de sistema |
(MiAaPQ)EBC30255673 |
| 035 ## - NÚMERO DE CONTROL DEL SISTEMA |
| Número de control de sistema |
(Au-PeEL)EBL30255673 |
| 035 ## - NÚMERO DE CONTROL DEL SISTEMA |
| Número de control de sistema |
(CKB)25456221400041 |
| 035 ## - NÚMERO DE CONTROL DEL SISTEMA |
| Número de control de sistema |
(Perlego)3790640 |
| 035 ## - NÚMERO DE CONTROL DEL SISTEMA |
| Número de control de sistema |
(CaSebORM)9781398608207 |
| 035 ## - NÚMERO DE CONTROL DEL SISTEMA |
| Número de control de sistema |
(EXLCZ)9925456221400041 |
| 040 ## - FUENTE DE LA CATALOGACIÓN |
| Centro catalogador/agencia de origen |
MiAaPQ |
| Lengua de catalogación |
eng |
| Normas de descripción |
rda |
| -- |
pn |
| Centro/agencia transcriptor |
MiAaPQ |
| Centro/agencia modificador |
MiAaPQ |
| 050 00 - SIGNATURA TOPOGRÁFICA DE LA BIBLIOTECA DEL CONGRESO |
| Número de clasificación |
HF5415.2 |
| Número de documento/Ítem |
.G754 2023 |
| 100 ## - ENTRADA PRINCIPAL--NOMBRE DE PERSONA |
| Nombre de persona |
Grigsby, Mike. |
| 9 (RLIN) |
25901 |
| 245 10 - MENCIÓN DE TÍTULO |
| Título |
Marketing Analytics |
| Resto del título |
: A Practical Guide to Improving Consumer Insights Using Data Techniques. |
| 250 ## - MENCIÓN DE EDICIÓN |
| Mención de edición |
Third edition |
| 264 #1 - PRODUCCIÓN, PUBLICACIÓN, DISTRIBUCIÓN, FABRICACIÓN Y COPYRIGHT |
| Producción, publicación, distribución, fabricación y copyright |
London : |
| Nombre del de productor, editor, distribuidor, fabricante |
Kogan Page, Limited, |
| Fecha de producción, publicación, distribución, fabricación o copyright |
2022. |
| 300 ## - DESCRIPCIÓN FÍSICA |
| Extensión |
337 pages |
| 505 ## - NOTA DE CONTENIDO CON FORMATO |
| Nota de contenido con formato |
PART ONE: How can marketing analytics help you? —<br/>Overview of statistics — Consumer behaviour and marketing strategy — What is an insight? —<br/>PART TWO: Dependent variable techniques —<br/>Modelling demand and elasticity — Polynomial distributed lags — Using Poisson regression — Logistic regression and market basket analysis — Survival modelling and lifetime value — Panel regression and same store sales — Introduction to forecasting —<br/>PART THREE: Interrelationship techniques —<br/>Simultaneous equations — Principal components and factor analysis — Segmentation overview — Tools of segmentation —<br/>PART FOUR: Focus on media and loyalty —<br/>Modelling marcom value — Media mix modelling — Overview of loyalty — Loyalty with SEM — The customer loyalty journey —<br/>PART FIVE: More important topics for everyday marketing —<br/>Statistical testing — Introduction to Big Data. |
| 520 ## - SUMARIO, ETC. |
| Sumario, etc. |
Who is most likely to buy and what is the best way to target them? How can I use both consumer analytics and modelling to improve the impact of marketing campaigns? Marketing Analytics takes you step-by-step through these areas and more.<br/><br/>Marketing Analytics enables you to leverage predictive techniques to measure and improve marketing performance. By exploring real-world marketing challenges, it provides clear, jargon-free explanations on how to apply different analytical models for each purpose. From targeted list creation and data segmentation, to testing campaign effectiveness, pricing structures and forecasting demand, it offers a complete resource for how statistics, consumer analytics and modelling can be put to optimal use.<br/><br/>This revised and updated third edition of Marketing Analytics contains new material on forecasting, customer touchpoints modelling, and a new focus on customer loyalty. With accessible language throughout, methodologies are simplified to ensure the more complex aspects of data and analytics are fully accessible for any level of application. Supported by a glossary of key terms and supporting resources consisting of datasets, presentation slides for each chapter and a test bank of self-test question, this book supplies a concrete foundation for optimizing marketing analytics for day-to-day business advantage. |
| 650 #0 - PUNTO DE ACCESO ADICIONAL DE MATERIA--TÉRMINO DE MATERIA |
| Término de materia o nombre geográfico como elemento de entrada |
Marketing research |
| 9 (RLIN) |
1465 |
| 650 #0 - PUNTO DE ACCESO ADICIONAL DE MATERIA--TÉRMINO DE MATERIA |
| Término de materia o nombre geográfico como elemento de entrada |
Marketing |
| 9 (RLIN) |
1020 |
| 942 ## - ELEMENTOS DE ENTRADA AGREGADA (KOHA) |
| Fuente del sistema de clasificación o colocación |
Clasificación de Library of Congress |